| 000 | 00814nam a2200277 a 4500 | ||
|---|---|---|---|
| 001 | vtls001527818 | ||
| 003 | NLI | ||
| 005 | 20210627144827.0 | ||
| 008 | 121212s1991 ck 000 0 eng | ||
| 039 | 9 |
_y201212121613 _zVLOAD |
|
| 040 | 0 |
_aNLI _beng _cXData_1 _eAACR2 |
|
| 041 | 1 | _aeng | |
| 044 | _ack | ||
| 082 | _a157 | ||
| 245 | 0 | 4 |
_aThe nibelugenlied / _ctranslated by William Nanson Lellsom ; introduction by William H. Carpenter |
| 250 | _aRev. ed. | ||
| 260 |
_aColumbia : _bColonial Press, _c1991 |
||
| 300 |
_axxii, 405 p. ; _c24 cm. |
||
| 650 | 0 |
_aGerman literature _9679008 |
|
| 700 | 1 |
_aLellsom, William Nanson, _4trl _9756945 |
|
| 887 | _a | ||
| 901 |
_aIMP292627 _b20.09.1952 |
||
| 902 | _a157 D 377 | ||
| 949 |
_AVIRTUAITEM _D10000 _X100 _6IMP000292627ENG |
||
| 942 |
_2ddc _cBKS |
||
| 999 |
_aVIRTUA40 _c977919 _d977919 |
||